ბათუმის შოთა რუსთაველის სახელმწიფო უნივერსიტეტის ბიბლიოთეკა

Электродинамика. (ბიბ.ჩანაწერი № 36759)

000 -LEADER
fixed length control field 00601nam a2200229Ia 4500
001 - CONTROL NUMBER
control field 2698
003 - CONTROL NUMBER IDENTIFIER
control field GE_BSU
008 - FIXED-LENGTH DATA ELEMENTS--GENERAL INFORMATION
fixed length control field 181216s||||||||xx |||||||||||||| ||und||
040 ## - CATALOGING SOURCE
Transcribing agency GE_BSU
080 ## - UNIVERSAL DECIMAL CLASSIFICATION NUMBER
Universal Decimal Classification number 537(075.8)
100 ## - MAIN ENTRY--PERSONAL NAME
Personal name Матвеев, А.Н.
245 ## - TITLE STATEMENT
Title Электродинамика.
245 ## - TITLE STATEMENT
Remainder of title Для студ. физических спец
250 ## - EDITION STATEMENT
Edition statement Изд.2-е перер. идоп.
260 ## - PUBLICATION, DISTRIBUTION, ETC.
Place of publication, distribution, etc. Москва
260 ## - PUBLICATION, DISTRIBUTION, ETC.
Name of publisher, distributor, etc. Высшая школа
260 ## - PUBLICATION, DISTRIBUTION, ETC.
Date of publication, distribution, etc. 1980
300 ## - PHYSICAL DESCRIPTION
Extent 383стр.
653 ## - INDEX TERM--UNCONTROLLED
Uncontrolled term Электродинамика.
942 ## - ADDED ENTRY ELEMENTS (KOHA)
Koha item type წიგნი
ეგზემპლარები
Withdrawn status Lost status Damaged status Not for loan Date acquired Barcode Date last seen Price effective from Koha item type
        2018-12-17 1997 2018-12-17 2018-12-17 წიგნი